Italien - Participes passés irréguliers - Statistiques

Statistiques générales
  • Ce quiz a été pris 50 fois
  • Le résultat moyen est 27 sur 66
Statistiques - réponses
Verbe Participe Passé % Correct
Accendere Acceso
81%
Aprire Aperto
77%
Dire Detto
69%
Ammettere Ammesso
65%
Decidere Deciso
65%
Chiudere Chiuso
62%
Fare Fatto
62%
Leggere Letto
62%
Correre Corso
58%
Mettere Messo
58%
Nascere Nato
58%
Chiedere Chiesto
54%
Conoscere Conosciuto
54%
Scrivere Scritto
54%
Essere Stato
54%
Offrire Offerto
50%
Appendere Appeso
46%
Concludere Concluso
46%
Correggere Corretto
46%
Deludere Deluso
46%
Morire Morto
46%
Perdere Perso
46%
Rimanere Rimasto
46%
Scegliere Scelto
46%
Succedere Successo
46%
Concedere Concesso
42%
Crescere Cresciuto
42%
Difendere Difeso
42%
Permettere Permesso
42%
Piacere Piaciuto
42%
Prendere Preso
42%
Rispondere Risposto
42%
Venire Venuto
42%
Vedere Visto
42%
Dividere Diviso
38%
Soffrire Sofferto
38%
Vincere Vinto
38%
Discutere Discusso
35%
Escludere Escluso
35%
Promettere Promesso
35%
Proporre Proposto
35%
Ridere Riso
35%
Rompere Rotto
35%
Spendere Speso
35%
Spingere Spinto
35%
Vivere Vissuto
35%
Dipendere Dipeso
31%
Giungere Giunto
31%
Offendere Offeso
31%
Piangere Pianto
31%
Spegnere Spento
31%
Tradurre Tradotto
31%
Uccidere Ucciso
31%
Dirigere Diretto
27%
Distruggere Distrutto
27%
Esplodere Esploso
27%
Insistere Insistito
27%
Nascondere Nascosto
27%
Risolvere Risolto
27%
Esistere Esistito
23%
Esprimere Espresso
23%
Scendere Sceso
23%
Trarre Tratto
23%
Distinguere Distinto
19%
Muovere Mosso
19%
Bere Bevudo
8%
Aucun quiz correspondant
Distribution des résultats
% des personnes avec chaque résultat
Percentile par nombre de réponses
Votre historique - résultats
Vous n’avez pas pris ce quiz